Associe villes et départements (Click moyen) - Statistiques

Statistiques générales
  • Ce quiz a été pris 80 fois
  • Le résultat moyen est 13 sur 15
Statistiques - réponses
Hint Réponse % Correct
Lorient Morbihan
93%
Versailles Yvelines
91%
Arles Bouches-du-Rhône
90%
Clermont-Ferrand Puy-de-Dôme
88%
Besançon Doubs
85%
Blois Loir-et-Cher
85%
Vannes Morbihan
85%
Arras Pas-de-Calais
85%
Épinal Vosges
85%
Albertville Savoie
84%
Créteil Val-de-Marne
84%
Beauvais Oise
79%
Niort Deux-Sèvres
78%
Poitiers Vienne
75%
Évreux Eure
74%
Aucun quiz correspondant
Distribution des résultats
% des personnes avec chaque résultat
Percentile par nombre de réponses
Votre historique - résultats
Vous n’avez pas pris ce quiz